00610nam a2200241Ia 4500008004100000020001800041050000800059050001400067100002300081245002000104245002600124260002300150260004600173260000900219300001600228300002800244300001000272440002100282440001400303650002800317700001200345700001100357181129s9999 xx 000 0 und d a9789715812238 a220 bM465 1980 aMaxwell, Arthur S. 0aKing of Kings / 0cby Arthur S. Maxwell. aWashington, D.C. : bReview and Herald Publishing Association, c1980 a192 pages : bcolored illustrations ; c25cm. aThe bible story, vvolume 9. aBible stories, English. aSeries. aTitle.